Normal view
MARC view
Entry Personal Name
001 - CONTROL NUMBER
- control field: 29024
003 - CONTROL NUMBER IDENTIFIER
- control field: ARRUPE
005 - DATE AND TIME OF LATEST TRANSACTION
- control field: 20170223142646.0
008 - FIXED-LENGTH DATA ELEMENTS
- fixed length control field: 170223|| aca||aabn | a|a d
040 ## - CATALOGING SOURCE
- Original cataloging agency: ARRUPE
- Transcribing agency: ARRUPE
100 ## - HEADING--PERSONAL NAME
- Personal name: Carter, Langham R.R.
670 ## - SOURCE DATA FOUND
- Source citation: Work cat.: (ARRUPE): Carter, Langham R.R., Knight Bruce, 1975